000 00980nam a2200265Ia 4500
003 OSt
005 20221005104114.0
006 a|||||r|||| 00| 0
007 ta
008 221004b |||||||| |||| 00| 0 hin d
020 _c575
024 _a21869
037 _b63, 27/01/2015, Motilal Banarsidass Publishers Pvt. Ltd.
_cTextual
040 _aCRL
_cCRL
_bhin
041 _2hin
_ahin
082 _aO15xk, 152Q3
100 _aझा, सुखेश्वर
245 0 _aअभिनव चिन्तन - साहस्त्री
246 _aAbhinav chintan - sāhastrī
260 _aदिल्ली
_bज्ञानभारती पब्लिकेशन्स भारत
_c2013
300 _a181पृ0
_ccm.
650 _aहिन्दी साहित्य
942 _hO15xk, 152Q3
_cTEXL
_2cc
999 _c1011725
_d1011725